| 000 | 00465nam a2200169Ia 4500 | ||
|---|---|---|---|
| 008 | 221030s9999 xx 000 0 und d | ||
| 020 | _a8131710265 | ||
| 041 | _aEnglish | ||
| 100 | _aM. A. Mazidi | ||
| 245 | 4 |
_aThe 8051 Microcontroller & Embedded Systems Using Assembly & C _cby M. A. Mazidi, J. G. Mazidi |
|
| 250 | _a2nd | ||
| 260 |
_bPearson Edcuation _aNew Delhi _c2013 |
||
| 300 | _a547 | ||
| 650 | _aBB Computer | ||
| 700 | _aJ. G. Mazidi | ||
| 942 | _cBK | ||
| 999 |
_c15243 _d15243 |
||